00330cam a2200109 i 450008200140000010000200001424500650003426000350009930000270013465000410016165000180020200a541.3 CHA1 aChang, Raymond.10aPhysical chemistry with applications to biological systems / aNew York :bMacmillan,cc1977. aviii, 538 p. :bill. ; 0aChemistry, Physical and theoretical. 0aBiochemistry.